Statistics for Almería Airport Destinations (Almería, Spain)

Click here to take the quiz!

General Stats

  • This quiz has been taken 33 times
    (10 since last reset)
  • The average score is 16 of 18

Answer Stats

AirlineDestination% Correct
VuelingBarcelona
100%
Jet2.com/TUI AirwaysBirmingham
100%
TUI fly BelgiumBrussels
100%
easyJetLondon (Gatwick)
100%
RyanairLondon (Stansted)
100%
LuxairLuxembourg
100%
IberiaMadrid
100%
Jet2.com/Ryanair/TUI AirwaysManchester
100%
IberiaPalma de Mallorca
100%
TransaviaRotterdam/The Hague
100%
IberiaSeville
100%
VuelingBilbao
86%
Jet2.comBristol
86%
Jet2.comLeeds/Bradford
86%
TransaviaParis (Orly)
86%
RyanairCharleroi
71%
IberiaMelilla
43%
Air NostrumPorto
43%

Score Distribution

Percentile by Number Answered

Percent of People with Each Score

Your Score History

You have not taken this quiz since the last reset